<?xml version="1.0" encoding="UTF-8"?>
<collection xmlns="http://www.loc.gov/MARC21/slim">
 <record>
  <leader>00565pamaa2200157   4500</leader>
  <controlfield tag="001">0000041088</controlfield>
  <controlfield tag="005">20061121090000.0</controlfield>
  <datafield tag="020" ind1="0" ind2="0">
   <subfield code="a">1844776611 (pbk.) </subfield>
  </datafield>
  <datafield tag="090" ind1="0" ind2="0">
   <subfield code="a">TT212 </subfield>
   <subfield code="b">CRE 2006</subfield>
  </datafield>
  <datafield tag="245" ind1="1" ind2="0">
   <subfield code="a">CREATE your own jewellery : </subfield>
   <subfield code="b">over 100 inspiring ways to make stunning pieces from all kinds of materials, with pratical step-by-step projects  </subfield>
   <subfield code="c">edited by Ann Kay.</subfield>
  </datafield>
  <datafield tag="260" ind1="0" ind2="0">
   <subfield code="a">London: </subfield>
   <subfield code="b">Hermes House, </subfield>
   <subfield code="c">2006.</subfield>
  </datafield>
  <datafield tag="300" ind1=" " ind2=" ">
   <subfield code="a">256p. : ill. (some col.), col. maps; </subfield>
   <subfield code="c">27 cm.</subfield>
  </datafield>
  <datafield tag="500" ind1="0" ind2="0">
   <subfield code="a">Includes index</subfield>
  </datafield>
  <datafield tag="650" ind1="0" ind2="0">
   <subfield code="a">Jewelry making </subfield>
  </datafield>
  <datafield tag="700" ind1="1" ind2="1">
   <subfield code="a">Kay, </subfield>
   <subfield code="h">Ann </subfield>
  </datafield>
  <datafield tag="901" ind1=" " ind2=" ">
   <subfield code="u">http://www.aness.com</subfield>
  </datafield>
 </record>
</collection>
